000 01003cam a2200277 a 4500
001 37488
005 20230410143347.0
008 980318s2002 mx a b 000 0 spa
040 _aDLC
_cDLC
043 _an-mx---
050 1 4 _aSD 418.3
_bM829d 2002
082 0 0 _a333.75 /137/097275
100 1 _aMorán, José Antonio
245 1 0 _aDeforestación en México :
_bcausas económicas e incidencias del comercio internacional /
_cJosé Antonio Morán, Hugo Alfredo Galletti.
260 _aMéxico D.F. :
_bCentro Méxicano de derecho ambiental (CEMDA),
_c2002.
300 _a291 p.
504 _aIncludes bibliographical references (p. 277-291).
650 0 _aDeforestation
_zMexico.
650 0 _aDeforestation
_xSocial aspects
_zMexico
650 0 _aForest conservation.
650 0 _aForests and forestry.
650 0 _aCattle trade
_xEnvironmental aspects
_zMexico.
650 0 _aRanching
_xEnvironmental aspects
_zMexico
_zChiapas.
700 1 _aGalletti, Hugo Alfredo
942 _2lcc
_cbk
999 _c100271
_d100271